All 24 Overwatch Characters - Statistics

General Stats
  • This quiz has been taken 293 times
  • The average score is 20 of 24
Answer Stats
Category Character % Correct
Support Mercy
91%
Offense Genji
90%
Defense Hanzo
88%
Defense Bastion
86%
Offense Tracer
86%
Defense Widowmaker
86%
Support Ana
85%
Support Lucio
85%
Offense Reaper
85%
Tank Roadhog
85%
Tank Winston
85%
Tank Reinhardt
84%
Tank D.Va
83%
Offense McCree
82%
Offense Soldier 76
80%
Defense Junkrat
78%
Tank Zarya
77%
Support Zenyatta
77%
Tank Orisa
76%
Offense Sombra
76%
Support Symmetra
75%
Defense Mei
74%
Defense Torbjörn
68%
Offense Pharah
67%
No matching quizzes found
Score Distribution
Percent of People with Each Score
Percentile by Number Answered
Your Score History
You have not taken this quiz